Ekonomická revue cestovného ruchu recenzovaný vedecký časopis Ekonomickej fakulty Univerzity Mateja Bela v Banskej Bystrici

Uverejňuje pôvodné state a analytické štúdie domácich a zahraničných autorov zamerané na rozvíjanie teórie cestovného ruchu, utvára priestor pre odbornú diskusiu o aktuálnych problémoch cestovného ruchu na Slovensku a v európskom kontexte, prináša recenzie a anotácie publikácií užitočných pre teoret...

Ausführliche Beschreibung

Gespeichert in:
Bibliographische Detailangaben
Körperschaft: Univerzita Mateja Bela v Banskej Bystrici. Ekonomická fakulta
Format: Schriftenreihe
Sprache:Slowakisch
Veröffentlicht: Banská Bystrica Ekonomická fakulta UMB
Schlagworte:
Tags: Tag hinzufügen
Keine Tags, Fügen Sie das erste Tag hinzu!

MARC

LEADER 00000nas1a2200000 4500
001 s120041
005 20260311140039.4
022 |a 0139-8660 
041 0 |a slo 
044 |a SK 
245 1 0 |a Ekonomická revue cestovného ruchu  |b recenzovaný vedecký časopis Ekonomickej fakulty Univerzity Mateja Bela v Banskej Bystrici 
264 1 |a Banská Bystrica  |b Ekonomická fakulta UMB 
500 |a O uverejnených statiach prináša referencie CIRET – Centre International de Recherches et d´Etudes Touristique vo Francúzsku 
500 |a Do r. 2022 vychádzal 4x ročne 
520 |a Uverejňuje pôvodné state a analytické štúdie domácich a zahraničných autorov zamerané na rozvíjanie teórie cestovného ruchu, utvára priestor pre odbornú diskusiu o aktuálnych problémoch cestovného ruchu na Slovensku a v európskom kontexte, prináša recenzie a anotácie publikácií užitočných pre teoretikov a praktikov cestovného ruchu. O uverejnených statiach prináša referencie CIRET (Centre International de Recherches et d'Etudes Touristique) vo Francúzsku. 
610 2 0 |a ruch cestovný 
610 2 0 |a politika ruchu cestovného 
710 2 |a Univerzita Mateja Bela v Banskej Bystrici. Ekonomická fakulta